[Event "France-ch U12 Girls"]
[Site "Reims"]
[Date "2004.04.20"]
[Round "4"]
[White "Dourerassou, Cynthia"]
[Black "Baron, Elise"]
[Result "1-0"]
[WhiteElo "1590"]
[BlackElo "1440"]
[PlyCount "165"]
[EventDate "2004.04.??"]
[EventType "swiss"]
[EventRounds "9"]
[EventCountry "FRA"]
[SourceTitle "EXT 2005"]
[Source "ChessBase"]
[SourceDate "2004.11.15"]
[SourceVersion "1"]
[SourceVersionDate "2004.11.15"]
[SourceQuality "1"]

1. e4 e6 2. d4 d5 3. Nc3 Nf6 4. Bg5 Be7 5. e5 Nfd7 6. Bxe7 Qxe7 7. Nb5 Na6 8. c3 c5 9. Nd6+ Kd8 10. f4 f6 11. Nf3 Nb6 12. b3 Rb8 13. Bd3 Bd7 14. 0-0 Nc8 15. Nb5 Nb6 16. Nd6 Nc8 17. Nxc8 Rxc8 18. Qe2 Nc7 19. Rae1 b5 20. Bc2 a5 21. Kh1 b4 22. Rg1 bxc3 23. g4 Nb5 24. Qf2 Na3 25. f5 cxd4 26. Nxd4 exf5 27. e6 Be8 28. Nxf5 Qb7 29. Nd6 Qc6 30. e7+ Kc7 31. Nxc8 d4+ 32. Be4 Qc5 33. Bf5 Bc6+ 34. Be4 Bxe4+ 35. Rxe4 Qc6 36. Qxd4 Rxc8 37. Rd1 Kb8 38. Qa4 Qxa4 39. Rxa4 c2 40. Rc1 Nb5 41. Rxc2 Re8 42. Re4 Nd6 43. Rd2 Nf7 44. a4 Kc7 45. Re6 Ng5 46. Re3 g6 47. Rc3+ Kb6 48. Rd6+ Kb7 49. Rd7+ Kb6 50. Rcc7 Ne6 51. Rb7+ Kc6 52. Ra7 Kb6 53. Rdb7+ Kc6 54. Rb5 Kd6 55. h3 Kc6 56. Ra6+ Kd7 57. Rb7+ Nc7 58. Raa7 Rc8 59. Rxc7+ Rxc7 60. Rxc7+ Kxc7 61. e8Q Kd6 62. Qf7 Ke5 63. Qxh7 g5 64. Qe7+ Kf4 65. Qxf6+ Ke4 66. Qxg5 Kd4 67. h4 Ke4 68. h5 Kd4 69. h6 Ke4 70. h7 Kd3 71. h8R Kc3 72. Rc8+ Kd4 73. Qd2+ Ke4 74. Re8+ Kf3 75. Qd7 Kg3 76. Qd3+ Kf4 77. Qf1+ Kg3 78. Rf8 Kh4 79. Qg1 Kg5 80. b4 axb4 81. Qe3+ Kxg4 82. Qg1+ Kh3 83. Rh8# 1-0

[Event "FRA-ch U10 Girls"]
[Site "Hyeres"]
[Date "2002.??.??"]
[Round "8.1"]
[White "Baron, Elise"]
[Black "Forgues, Valerie"]
[Result "1/2-1/2"]
[WhiteElo "1009"]
[BlackElo "1400"]
[PlyCount "179"]
[EventDate "2002.04.05"]
[EventType "swiss"]
[EventRounds "9"]
[EventCountry "FRA"]
[SourceTitle "EXT 2003"]
[Source "ChessBase"]
[SourceDate "2002.11.25"]
[SourceVersion "1"]
[SourceVersionDate "2002.11.25"]
[SourceQuality "1"]

1. e4 e5 2. Nf3 Nc6 3. Bc4 Bc5 4. c3 Nf6 5. d4 exd4 6. e5 d5 7. Bb5 Ne4 8. cxd4 a6 9. Bxc6+ bxc6 10. dxc5 Nxc5 11. 0-0 0-0 12. b3 Re8 13. Re1 Bg4 14. h3 Bh5 15. Nbd2 f6 16. exf6 Rxe1+ 17. Qxe1 Qxf6 18. Rb1 Nd3 19. Qe3 Nb4 20. Bb2 Qf7 21. Ng5 Qe8 22. Qd4 Qe7 23. Ndf3 Bg6 24. Re1 Qf8 25. Ne6 Nc2 26. Qc3 Qf7 27. Re2 Re8 28. Nfg5 Qf6 29. Qxf6 gxf6 30. Bxf6 h6 31. Nf3 Kf7 32. Nf4 Rxe2 33. Nxe2 Kxf6 34. Nh4 Bh5 35. Nf4 Be8 36. g4 Kg5 37. Nfg2 d4 38. f4+ Kf6 39. Nf3 d3 40. f5 h5 41. Kf2 hxg4 42. hxg4 Nb4 43. a3 Nc2 44. a4 Bf7 45. Nd2 Kg5 46. Ne3 Kf4 47. Ng2+ Kxg4 48. Nf3 Kxf5 49. Nfh4+ Ke4 50. Kf1 Bxb3 51. Ng6 Ne3+ 52. Kf2 Ng4+ 53. Ke1 c5 54. Kd2 c4 55. Ne1 Bxa4 56. Kc3 a5 57. Nh4 Bb3 58. Nhf3 a4 59. Nd2+ Ke3 60. Nb1 a3 61. Nxa3 d2 62. Nec2+ Bxc2 63. Nxc2+ Ke2 64. Nd4+ Ke3 65. Nc2+ Ke4 66. Kxd2 Kd5 67. Kc3 c6 68. Nb4+ Kc5 69. Na6+ Kb6 70. Nb4 Kb5 71. Nc2 Ne5 72. Nd4+ Kc5 73. Ne6+ Kd6 74. Nf4 c5 75. Ne2 Kd5 76. Nf4+ Kd6 77. Ng2 Kc6 78. Nh4 Kb5 79. Nf5 Nf7 80. Ne3 Nd6 81. Nc2 Kc6 82. Na3 Kd5 83. Nc2 Ne4+ 84. Kb2 c3+ 85. Kb3 c4+ 86. Kb4 Nd2 87. Kxc3 Ne4+ 88. Kb4 Nd6 89. Ne3+ Kd4 90. Nxc4 1/2-1/2

[Event "FRA-ch U10 Girls"]
[Site "Hyeres"]
[Date "2002.??.??"]
[Round "6.4"]
[White "Baron, Elise"]
[Black "Le Bail, Arielle"]
[Result "1-0"]
[WhiteElo "1009"]
[BlackElo "1470"]
[PlyCount "103"]
[EventDate "2002.04.05"]
[EventType "swiss"]
[EventRounds "9"]
[EventCountry "FRA"]
[SourceTitle "EXT 2003"]
[Source "ChessBase"]
[SourceDate "2002.11.25"]
[SourceVersion "1"]
[SourceVersionDate "2002.11.25"]
[SourceQuality "1"]

1. e4 c5 2. Nf3 Nc6 3. g3 e6 4. Bg2 d6 5. 0-0 Nf6 6. Re1 Qc7 7. c3 Be7 8. d4 0-0 9. Bf4 Rb8 10. Qd3 b5 11. b4 e5 12. d5 exf4 13. dxc6 fxg3 14. fxg3 Qxc6 15. e5 Nd5 16. Nfd2 Be6 17. Ne4 Qd7 18. Nbd2 cxb4 19. cxb4 Nxb4 20. Qc3 dxe5 21. a3 Nc6 22. Nf3 Rbc8 23. Nxe5 Nxe5 24. Qxe5 Rc2 25. Rad1 Qc8 26. Nf2 Qc4 27. Bf1 Qa2 28. Re2 Bc5 29. Rxc2 Qxc2 30. Qe2 Qg6 31. Qxb5 Qg5 32. Qb2 h5 33. Bg2 Qg4 34. Qc2 Rc8 35. Qb1 Bf5 36. Qb7 Qxd1+ 37. Bf1 Rd8 38. Qc7 Rd2 39. Qxc5 Bd3 40. Nxd1 Rxd1 41. Qf2 a6 42. Kg2 Be4+ 43. Kh3 Bd5 44. Qe2 Be6+ 45. Kg2 Bd5+ 46. Kg1 Rb1 47. Qe3 Rb3 48. Qe7 Kh7 49. Qd8 Be6 50. Bd3+ Kh6 51. Qh8+ Kg5 52. Qxg7# 1-0